La legislación matrimonial de Constantino.
Saved in:
| Hovedforfatter: | |
|---|---|
| Format: | Bog |
| Sprog: | engelsk |
| Udgivet: |
Pamplona, España:
Servicio de Publicaciones de la Universidad de Navarra,
1989.
|
| Serier: | Biblioteca Jurídica.
|
| Fag: | |
| Tags: |
Tilføj Tag
Ingen Tags, Vær først til at tagge denne postø!
|
MARC
| LEADER | 00000nam a22000007a 4500 | ||
|---|---|---|---|
| 003 | CL-VaPUC | ||
| 005 | 20220822114728.0 | ||
| 008 | 220726t1989 ||||| |||| 00| 0 eng d | ||
| 999 | |c 437595 |d 437593 | ||
| 020 | |a 84-87146-01-5 | ||
| 040 | |c Pontificia Universidad Católica de Valparaíso | ||
| 082 | |2 22 |a 340.54 DOM 1989 | ||
| 100 | |9 297799 |a Domingo, Rafael |e autor | ||
| 245 | |a La legislación matrimonial de Constantino. | ||
| 260 | |a Pamplona, España: |b Servicio de Publicaciones de la Universidad de Navarra, |c 1989. | ||
| 300 | |a 100 páginas. | ||
| 490 | |a Biblioteca Jurídica. | ||
| 500 | |a c.1 Donación Familia Prof. Alejandro Guzmán Brito. | ||
| 583 | |c 20220726 |k Yessy Sthefany Diaz Vidal | ||
| 600 | 0 | |9 871415 |a Constantino |x Imperio romano |x Legislación matrimonial | |
| 650 | 0 | |a Derecho romano |x Matrimonio |9 869582 | |
| 942 | |2 ddc |c BK |n 0 | ||
| 952 | |0 0 |1 0 |2 ddc |4 0 |6 340_540000000000000_DOM_1989 |7 0 |8 C_AGB |9 585376 |a BIBDER |b BIBDER |d 2022-07-26 |e Donación |i 5653382 |o 340.54 DOM 1989 |p 5653382 |r 2023-01-25 |t 1 |w 2022-07-26 |y BK_US |k AGB | ||